Civil Court Practice & Procedure Manual / (Record no. 200351)

MARC details
000 -LEADER
fixed length control field 00720nam a2200229 4500
005 - DATE AND TIME OF LATEST TRANSACTION
control field 20240124113341.0
010 ## - LCCN (DPL NO)
LC control number ENG-139002
020 ## - INTERNATIONAL STANDARD BOOK NUMBER
International Standard Book Number 9789391211394
Terms of availability 2295.00
035 ## - SYSTEM CONTROL NUMBER
System control number EN-122534
037 ## - SOURCE OF ACQUISITION
Source of stock number/acquisition DBAD/PUB
082 ## - DEWEY DECIMAL CLASSIFICATION NUMBER
Classification number 347.132
100 ## - MAIN ENTRY--PERSONAL NAME
Personal name Sarkar,S.C.
245 ## - TITLE STATEMENT
Title Civil Court Practice & Procedure Manual /
Statement of responsibility, etc by S.C. Sarkar...[et.al.]
260 ## - PUBLICATION, DISTRIBUTION, ETC. (IMPRINT)
Place of publication, distribution, etc Gurgaon
Name of publisher, distributor, etc Lexis Nexis
Date of publication, distribution, etc 2022
270 ## - ADDRESS
Address 14th floor, Building no10,Tower-B,DLF cyber city,Phase-ii
City Gurgaon
Postal code 122002
300 ## - PHYSICAL DESCRIPTION
Extent clxxx,1127p.
Dimensions 25cm(Hb)
500 ## - GENERAL NOTE
General note include Index
700 ## - ADDED ENTRY--PERSONAL NAME
Personal name Sarkar, S.C.
9 (RLIN) 61230
700 ## - ADDED ENTRY--PERSONAL NAME
Personal name Sarkar,P.C.
9 (RLIN) 61231
700 ## - ADDED ENTRY--PERSONAL NAME
Personal name Sarkar,Sudipto
9 (RLIN) 61232
942 ## - ADDED ENTRY ELEMENTS (KOHA)
Source of classification or shelving scheme Dewey Decimal Classification
Item type English Books
Classification part 347.05
Call number suffix SAR
Holdings
Withdrawn status Lost status Not for loan Collection code Home library Current library Date acquired Source of acquisition Cost, normal purchase price Full call number Barcode Copy number Cost, replacement price Koha item type
    Not For Loan Reference Sarojini Nagar Sarojini Nagar 24/01/2024 DBAD/PUB 2295.00 347.05 SAR EN-122534 1 2295.00 English Books

© Delhi Public Library
Hit Counter
free hit counter